Pokémon Platine - CT, CS et Maître des Capacités - Statistiques

Statistiques générales
  • Ce quiz a été pris 219 fois
  • Le résultat moyen est 74 sur 138
Statistiques - réponses
N°/Endroit Capacité % Correct
CS03 Surf
99%
CS08 Escalade
97%
CS02 Vol
97%
CS07 Cascade
96%
CS01 Coupe
96%
CS06 Eclate-Roc
95%
CS04 Force
95%
CT25 Fatal-Foudre
93%
CT29 Psyko
93%
CT26 Séisme
92%
CT24 Tonnerre
92%
CT38 Déflagration
91%
CT35 Lance-Flamme
90%
CT14 Blizzard
87%
CT30 Ball’Ombre
86%
CT13 Laser Glace
86%
CS05 Anti-Brume
84%
CT07 Grêle
83%
CT15 Ultralaser
82%
CT73 Cage-Éclair
80%
CT06 Toxik
80%
CT02 Dracogriffe
77%
CT11 Zénith
76%
CT17 Abri
74%
CT22 Lance-Soleil
74%
CT28 Tunnel
74%
CT03 Vibraqua
74%
CT18 Danse Pluie
73%
Route 212 Poing-Éclair
73%
CT91 Luminocanon
72%
CT80 Éboulement
71%
CT16 Mur Lumière
70%
CT86 Nœud Herbe
70%
CT76 Piège de Roc
69%
CT59 Dracochoc
68%
CT19 Giga-Sangsue
68%
CT04 Plénitude
68%
Route 212 Poing de Feu
68%
CT33 Protection
68%
CT70 Flash
67%
CT71 Lame de Roc
67%
CT01 Mitra-Poing
67%
CT72 Avalanche
64%
CT31 Casse-Brique
64%
CT08 Gonflette
64%
CT39 Tomberoche
64%
CT40 Aéropique
63%
CT51 Atterrissage
62%
CT61 Feu Follet
62%
CT68 Giga Impact
62%
CT50 Surchauffe
62%
CT79 Vibrobscur
62%
CT53 Éco-Sphère
61%
CT37 Tempêtesable
61%
CT36 Bomb-Beurk
60%
CT89 Demi-Tour
60%
CT55 Saumure
60%
CT65 Griffe Ombre
59%
CT46 Larcin
59%
CT34 Onde de Choc
59%
Route 212 Poinglace
59%
CT44 Repos
59%
CT23 Queue de Fer
58%
CT09 Balle Graine
56%
CT47 Aile d’Acier
55%
CT52 Exploforce
55%
Route 212 Plongée
55%
CT27 Retour
55%
CT57 Rayon Chargé
53%
CT60 Vampipoing
53%
CT92 Distorsion
52%
CT21 Frustration
52%
CT90 Clonage
51%
CT85 Dévorêve
51%
CT81 Plaie-Croix
51%
Aire de Survie Telluriforce
51%
CT75 Danse-Lames
48%
CT84 Direct Toxik
48%
Aire de Survie Tête de Fer
48%
CT12 Provoc
47%
CT69 Poliroche
44%
CT82 Blabla Dodo
43%
Route 212 Psykoud'Boul
43%
CT05 Hurlement
42%
CT88 Picore
42%
Route 212 Vent Glace
42%
CT64 Explosion
41%
CT54 Faux-Chage
41%
Aire de Survie Mur de Fer
41%
CT32 Reflet
41%
Route 212 Sabotage
41%
Aire de Survie Détricanon
40%
CT62 Vent Argenté
40%
CT74 Gyroballe
39%
CT41 Tourmente
39%
CT45 Attraction
38%
CT48 Échange
38%
CT10 Puis. Cachée
38%
Aire de Survie Colère
37%
CT49 Saisie
37%
CT56 Dégommage
36%
Aire de Survie Roulade
35%
CT42 Façade
34%
Route 212 Vent Mauvais
34%
CT63 Embargo
33%
Aire de Survie Canon Graine
32%
Aire de Survie Hydroqueue
32%
CT66 Représailles
32%
CT20 Rune Protect
32%
Route 212 Taillade
32%
Aire de Survie Canicule
31%
Aire de Survie Rayon Signal
31%
Route 212 Tranch'Air
31%
Route 212 Coup Bas
30%
Aire de Survie Ouragan
30%
Aire de Survie Rebond
30%
CT77 Boost
29%
CT43 Force Cachée
29%
Route 212 Tourmagik
29%
Frimapic Dépit
27%
CT67 Recyclage
27%
Frimapic Météores
26%
Frimapic Synthèse
26%
Frimapic Ronflement
25%
CT58 Ténacité
25%
CT83 Don Naturel
24%
Aire de Survie Pouv. Antique
24%
Aire de Survie Coud'Boue
23%
CT87 Vantardise
23%
Frimapic Vol Magnétik
22%
Frimapic Coup d'Main
19%
Aire de Survie Effort
19%
Route 212 Onde Vide
19%
CT78 Séduction
18%
Frimapic Brouhaha
17%
Aire de Survie Suc Digestif
17%
Aire de Survie Surpuissance
16%
Frimapic Dernierecour
14%
Aucun quiz correspondant
Distribution des résultats
% des personnes avec chaque résultat
Percentile par nombre de réponses
Votre historique - résultats
Vous n’avez pas pris ce quiz